| 000 | 00665nam a2200253Ia 4500 | ||
|---|---|---|---|
| 003 | OSt | ||
| 005 | 20220918200417.0 | ||
| 006 | a|||||r|||| 00| 0 | ||
| 007 | ta | ||
| 008 | 220917b |||||||| |||| 00| 0 eng d | ||
| 024 | _a88,624 | ||
| 037 | _cTextual | ||
| 040 |
_aARTS _cARTS _beng |
||
| 041 |
_2eng _aeng |
||
| 082 | _aU2.1, K3 (U) | ||
| 100 |
_aHeintzelman Oliver H _993913 |
||
| 245 | 0 | _aWorld regional geography | |
| 250 | _a2nd | ||
| 260 | _c1963 | ||
| 650 | _aPHYSICAL GEOGRAPHY | ||
| 700 |
_a Highsmith Richard M _993914 |
||
| 942 |
_hU2.1, K3 (U) _cTEXL _2CC |
||
| 999 |
_c212294 _d212294 |
||